000 00665nam a2200289Ia 4500
005 20260324150600.0
008 008 260324s9999 xx 000 0 eng d
020 _a9781003395355
037 _aEBOOK
040 _aCRL
040 _beng
040 _cCRL
041 _2eng
041 _aeng
084 _qCRL
100 _aLily Pincus
_91226917
245 0 _aMarriage
245 0 _bStudies in Emotional Conflict and Growth
260 _bTaylor and Francis
260 _c1960
365 _a
365 _b150
856 _uhttp://www.taylorfrancis.com/books/9781003395355
942 _cEBOOK
999 _c1836606
_d1836606